000 00410nam a22001697a 4500
003 MACL
005 20160114163323.0
008 160114b xxu||||| |||| 00| 0 eng d
040 _cMACL
041 _aEnglish
082 _a823/BAN
100 _aBaruah Amrit
_932366
245 _aAmerica Sixty Years Ago An Indian's Story
260 _aKolkata
_bSeribaan
_c2010
650 _aStory
_932367
942 _2ddc
_cBK
999 _c52300
_d52300